Normal view
MARC view
- Plants
Entry Topical Term
001 - CONTROL NUMBER
- control field: 2799
003 - CONTROL NUMBER IDENTIFIER
- control field: NUST
005 - DATE AND TIME OF LATEST TRANSACTION
- control field: 20170616110652.0
008 - FIXED-LENGTH DATA ELEMENTS
- fixed length control field: 170616|| aca||aabn | a|a d
040 ## - CATALOGING SOURCE
- Original cataloging agency: NUST
- Transcribing agency: NUST
150 ## - HEADING--TOPICAL TERM
- Topical term or geographic name entry element: Plants
- General subdivision: Effect of air pollution on.
670 ## - SOURCE DATA FOUND
- Source citation: Work cat.: (NUST)0: Plant response to air pollution /, c1996.
